| 000 | 03427nam a2200541 a 4500 | ||
|---|---|---|---|
| 999 |
_c327032 _d327032 |
||
| 003 | BLK | ||
| 005 | 20240408170338.0 | ||
| 008 | 181203b bu ade|fr|||| 00| 0 bu d | ||
| 020 | _a9789543444502 | ||
| 040 | _aBLK | ||
| 041 |
_aBUL _cBUL |
||
| 100 |
_9275261 _aАлександров, Александър Иванов _eпърви автор |
||
| 139 |
_aАлександров, Александър Иванов _bА 51 |
||
| 245 |
_aМатематика за таланти ІІ. - ІІІ. клас _bТестове и задачи за подготовка и прием в Софийската математическа гимназия |
||
| 250 | _aНово прераб. изд. | ||
| 260 |
_9219518 _aСофия _bКлет България _c2017 _fБулвест Принт _g2017 |
||
| 300 |
_a176 с. _bс табл. _c28 см |
||
| 380 | _a3 | ||
| 500 | _aДруги авт.: Ангел Ангелов, Ваня Данова, Детелина Найденова, Дима Слабакова, Елена Киселова, Елена Станчева, Елза Тодорова, Емилия Гигова, Зоя Савова, Иван Симеонов, Илиана Цветкова, Ирина Шаркова, Красимира Петрова, Линка Минчева, Мариана Тодорова, Мария Томова, Надежда Буюклиева, Надя Кръстева, Петя Тодорова, Румяна Караджова, Стойчо Стоев, Явор Минков Пълната форма на името на авт. Линка Минчева е Линка Минчева Кабакчиева | ||
| 650 | 7 |
_9161297 _aМатематика |
|
| 650 | 0 |
_9285947 _aМатематика - задачи |
|
| 653 | 7 |
_9191253 _aмлади таланти |
|
| 700 |
_aДанова, Ваня Христова _eсъавт. _91445 |
||
| 700 |
_aНайденова, Детелина Красимирова _eсъавт. _91445 |
||
| 700 |
_aСлабакова, Дима Илиева _eсъавт. _91445 |
||
| 700 |
_9383011 _aКиселова, Елена _eсъавт. |
||
| 700 |
_aСтанчева, Елена _eсъавт. _91445 |
||
| 700 |
_aТодорова, Елза _eсъавт. _91445 |
||
| 700 |
_aГигова, Емилия _eсъавт. _91445 |
||
| 700 |
_aСавова, Зоя _eсъавт. _91445 |
||
| 700 |
_aСимеонов, Иван _eсъавт. _91445 |
||
| 700 |
_9368901 _aЦветкова, Илиана Иванова _eсъавт. |
||
| 700 | 1 |
_aШаркова, Ирина Петрова _9142784 |
|
| 700 |
_aПетрова, Красимира _eсъавт. _91445 |
||
| 700 |
_aМинчева, Линка _eсъавт. _91445 |
||
| 700 |
_9260185 _aТодорова, Мариана Иванова _eсъавт. |
||
| 700 |
_9383012 _aТомова, Мария _eсъавт. |
||
| 700 |
_aБуюклиева, Надежда _eсъавт. _91445 |
||
| 700 |
_aКръстева, Надя _eсъавт. _91445 |
||
| 700 |
_aТодорова, Петя _eсъавт. _91445 |
||
| 700 |
_9268987 _aКараджова, Румяна Тодорова _eсъавт. |
||
| 700 |
_aСтоев, Стойчо Стефанов _eсъавт. _91445 |
||
| 700 |
_aМинков, Явор Любомиров _eсъавт. _91445 |
||
| 852 | _aЦб ІІ 23061 | ||
| 942 |
_cKNG _n0 _09 |
||
| 944 |
_aCR _c2018-12-03 _k30537 _lГрета Цуфелде |
||
| 999 | _d327032 | ||